Evropejskoje soobščestvo i Balkany: slučaj Jugoslavii.

Od tej časti Európy, na ktorej Európske spoločenstvo existuje, sa Balkán veľmi odlišuje. Vývoj spoločenstva od začiatku vzniku a zmeny po skončení studenej vojny. Historický vývoj i hospodárska situácia balkánskych krajín sú dôkazom toho, že nemajú možnosť zachrániť sa vlastnými silami. Musia "opust...

Full description

Saved in:
Bibliographic Details
Main Author: Petkovic, R.
Format: Book Chapter
Language:Russian
Subjects:
Tags: Add Tag
No Tags, Be the first to tag this record!

MARC

LEADER 00000naa a2200000 4500
001 r007718
005 20221125115113.3
041 0 |a rus 
044 |a [YU] 
245 1 0 |a Evropejskoje soobščestvo i Balkany: slučaj Jugoslavii.  |c R. Petkovic 
520 |a Od tej časti Európy, na ktorej Európske spoločenstvo existuje, sa Balkán veľmi odlišuje. Vývoj spoločenstva od začiatku vzniku a zmeny po skončení studenej vojny. Historický vývoj i hospodárska situácia balkánskych krajín sú dôkazom toho, že nemajú možnosť zachrániť sa vlastnými silami. Musia "opustiť" Balkán a dostať sa do Európy. V najhoršej situácii je dnes Juhoslávia. 
610 2 0 |a rozvoj hospodársky 
610 2 0 |a Európa 
610 2 0 |a Balkán 
610 2 0 |a Európske spoločenstvá 
610 2 0 |a pomoc medzinárodná 
100 1 |a Petkovic, R.